Podnik jednotlivca - komparácie jednotlivých právnych foriem podnikania jednotlivca bakalárska práca

Salvato in:
Dettagli Bibliografici
Autore principale: Stričík, Michal, 1969-
Ente Autore: Fakulta podnikového manažmentu EU. Katedra podnikovohospodárska
Altri autori: Gajdová, Denisa, 1977-
Natura: Libro
Lingua:slovacco
Pubblicazione: Bratislava 2020
Tags: Aggiungi Tag
Nessun Tag, puoi essere il primo ad aggiungerne!!

MARC

LEADER 00000nbm a2200000 4500
001 0266219
005 20240627114541.3
041 0 |a slo 
044 |a SK 
245 1 0 |a Podnik jednotlivca - komparácie jednotlivých právnych foriem podnikania jednotlivca  |b bakalárska práca  |c Michal Stričík ; školiteľ: Denisa Gajdová 
264 1 |a Bratislava  |c 2020 
300 |a 47 s. 
100 1 |a Stričík, Michal, 1969- 
700 1 |a Gajdová, Denisa, 1977- 
710 2 |a Fakulta podnikového manažmentu EU. Katedra podnikovohospodárska